000 00551nam a2200205Ia 4500
003 GCL
008 140319s9999 xx 000 0 ara d
040 _aGCL /
_cGCL
082 0 4 _a370.1
_bل ف
100 1 _aلطفى بركات احمد
245 1 0 _aفى مجالات الفكر التربوى /
_cلطفى بركات احمد
300 _a208 ص
490 _a
650 0 4 _aالفلسفة
650 0 4 _aالتعليم
650 0 4 _aالتربية
650 0 4 _aالمدارس
650 0 4 _aالاسس التربوية
942 _2ddc
_cBK
999 _c45073
_d45073